Guess the Taylor Swift Song by the Lyrics #12 - Statistics

General Stats
  • This quiz has been taken 59 times
  • The average score is 526 of 674
Answer Stats
LYRICS % Correct
a
100%
I
100%
(I
100%
I)
100%
and
96%
And
96%
it
96%
you
96%
You
96%
in
93%
It's
93%
it's
93%
the
93%
to
91%
To
91%
your
91%
me
89%
we
89%
AM
87%
love
87%
where
87%
like
84%
go
82%
my
82%
that
82%
too
82%
what
82%
Then
80%
You're
80%
2
78%
be
78%
for
78%
never
78%
were
78%
We're
78%
all
76%
I'll
76%
said
76%
say
76%
don't
73%
hear
73%
as
71%
did
71%
know
71%
now
71%
But
69%
how
69%
of
69%
This
69%
wish
69%
Wish
69%
would
69%
would)
69%
back
67%
car
67%
come
67%
here
67%
right
67%
Cause
64%
down
64%
good
64%
up
64%
us
64%
always
62%
hate
62%
knew
62%
long
62%
are
60%
could
60%
forget
60%
live
60%
think
60%
room
58%
drive
56%
hung
53%
mad
53%
miss
53%
much
53%
phone
53%
want
53%
nothin'
51%
run
51%
turn
51%
anymore
49%
around
49%
fightin'
49%
memories
49%
push
49%
remember
49%
still
49%
straight
49%
window
49%
hide
47%
made
47%
past
47%
See
47%
street
47%
thinkin'
47%
voice
47%
ahead
44%
everything
44%
line
44%
Makes
44%
makes
44%
pass
44%
start
44%
wanna
44%
buttons
42%
give
42%
stand
42%
runnin'
40%
Windows
40%
face
38%
dark
36%
stood
33%
crooked
31%
pane
31%
Headlights
29%
I-I-I
24%
No matching quizzes found
Score Distribution
Percent of People with Each Score
Percentile by Number Answered
Your Score History
You have not taken this quiz